| 000 | 00466nam a22001937a 4500 | ||
|---|---|---|---|
| 003 | CEME | ||
| 005 | 20210628203357.0 | ||
| 008 | 210126b xxu||||| |||| 00| 0 eng d | ||
| 020 | _a97881203-3901-9 | ||
| 040 | _c. | ||
| 082 | _a620.112 MOT | ||
| 100 |
_aMott, Robert.L _934485 |
||
| 245 | _aApplied strength of materials | ||
| 250 | _a5TH | ||
| 260 |
_aNEW DELHI _bPHI _c2008 |
||
| 300 | _aXV,776P | ||
| 650 |
_aSTRENGTH OF MATERIALS _9563 |
||
| 942 |
_cBK _2ddc |
||
| 999 |
_c573386 _d573386 |
||